|
|
|
|
| LEADER |
00000nab a2200000 4500 |
| 001 |
vtls011975439 |
| 003 |
SK-MaSNL |
| 005 |
20260318140402.0 |
| 008 |
200619|2020 xo |||| || ||00 0|hun |
| 015 |
|
|
|a SNBRB2020/05
|
| 040 |
|
|
|a DSZK
|b slo
|c DSZK
|e rda
|
| 041 |
|
|
|a hun
|
| 043 |
|
|
|a e-xo---
|
| 044 |
|
|
|a xo
|c SK
|
| 072 |
|
7 |
|a 070
|x Noviny. Tlač. Žurnalistika
|2 konspekt
|
| 072 |
|
7 |
|a 77
|x Fotografia. Fotografické postupy
|2 konspekt
|
| 080 |
|
|
|a 070.4
|2 2011
|
| 080 |
|
|
|a 77.03/.08-027.562
|2 2001
|
| 100 |
1 |
|
|a P.E.
|4 aut
|9 995808
|
| 245 |
1 |
0 |
|a Felvidéki szemmel
|c [szerző] P.E.
|
| 300 |
|
|
|b Fotografie
|
| 336 |
|
|
|a text
|b txt
|2 rdacontent
|
| 337 |
|
|
|a bez média
|b n
|2 rdamedia
|
| 338 |
|
|
|a zväzok
|b nc
|2 rdacarrier
|
| 600 |
1 |
7 |
|a Karaffa, Attila,
|d 1980-
|t Felvidéki szemmel
|2 dszk
|9 1109151
|
| 650 |
0 |
7 |
|a publicistika
|2 SNKPH
|9 19168
|
| 650 |
0 |
7 |
|a amatérska fotografia
|2 SNKPH
|9 72795
|
| 651 |
|
7 |
|a Dunajská Streda (Slovensko)
|2 SNKPHgeo
|9 17375
|
| 773 |
0 |
|
|t Csallóköz
|g Évf. 60, sz. 13-14 (2020), o. 16
|x 1336-3638
|
| 852 |
|
|
|a DSZK
|b KIS3GCP
|
| 958 |
|
|
|a SK
|
| 958 |
|
|
|a HU
|
| 958 |
|
|
|a RG
|
| 999 |
|
|
|c 1826375
|d 1828305
|